000 00416nam a2200181Ia 4500
001 13802
005 20260306164827.0
008 260306t2002||||xx |||||||||||||| ||spa||
041 _aESP
082 _a005.3
_bH88
100 _aHughes, Bob
_eAUT
245 0 _aSoftware project management
260 _c2002
300 _a358 páginas :
_c25 cm.
650 _aGEN
654 _aCCC
942 _cLIB
_dJUS
_fJUS
_2ddc
_n
999 _c13802
_d13802